01787nam a22003614a 4500001001200000003000800012006001900020007001500039008004100054010001700095020003900112020003800151040002100189035002100210043001200231050002300243082002000266245012600286260006100412300001600473504005100489520037400540533015200914650004301066650004301109650003001152655002901182700002901211700002501240710001701265856012601282999001701408ebr10338433CaPaEBRm u cr cn|||||||||090123s2009 dcu sb 001 0 eng  z 2009002997 z9780815702887 (cloth : alk. paper) z9780815702894 (pbk. : alk. paper) aCaPaEBRcCaPaEBR a(OCoLC)503441835 an-us---14aJK521b.R44 2009eb04a324.273/01522200aReforming the Presidential nomination processh[electronic resource] /cSteven S. Smith and Melanie J. Springer, editors. aWashington, D.C. :bBrookings Institution Press,cc2009. axiv, 205 p. aIncludes bibliographical references and index. a"Looks at the presidential nomination process--the ways in which it is broken and how it might be fixed. Addresses the selection process: the importance--and perceived unfairness--of the earliest primaries, media coverage and public endorsements, 'superdelegates.' Evaluates public perceptions of the current process as well as possible reforms"--Provided by publisher. aElectronic reproduction.bPalo Alto, Calif. :cebrary,d2013.nAvailable via World Wide Web.nAccess may be limited to ebrary affiliated libraries. 0aPresidentszUnited StatesxNomination. 0aNominations for officezUnited States. 0aPrimarieszUnited States. 7aElectronic books.2local1 aSmith, Steven S.,d1953-1 aSpringer, Melanie J.2 aebrary, Inc.40uhttp://site.ebrary.com/lib/rucke/Doc?id=10338433zAn electronic book accessible through the World Wide Web; click to view c47704d47704